Experiencias de historia regional en Chile: tendencias historiográficas actuales

Guardat en:
Dades bibliogràfiques
Autor principal: Cáceres Muñoz, Juan (Autor)
Format: Llibre
Idioma:espanyol
Publicat: Valparaíso, Chile Pontificia Universidad Católica de Valparaíso 2008
Matèries:
Etiquetes: Afegir etiqueta
Sense etiquetes, Sigues el primer a etiquetar aquest registre!

MARC

LEADER 00000cam a2200000 a 4500
001 UCG1119
003 CL-VaPUC
005 20210605001609.0
008 100422e20080000cl 1 spa d
999 |c 384515  |d 384513 
020 |a 9789563320381 
040 |c Pontificia Universidad Católica de Valparaíso 
082 0 4 |a 983.0722 CAC 2008  |2 21 
100 1 |a Cáceres Muñoz, Juan  |e author  |9 621556 
245 1 0 |a Experiencias de historia regional en Chile:  |b  tendencias historiográficas actuales 
260 |a Valparaíso, Chile  |b Pontificia Universidad Católica de Valparaíso  |c 2008 
300 |a 369 páginas 
500 |a c.9 Donación VRA. V. Vásquez L. 
518 |p Jornadas de historia regional de Chile, 16, Valparaíso, octubre 2008 
536 |a Pontificia Universidad Católica de Valparaíso 
546 |a En Español 
583 |a last modification  |c 20190908 07:19:07  |k Rodrigo Vera 
650 0 0 |a Historia de Chile  |9 265473 
650 0 0 |a Regionalización   |z Chile   |9 255465 
650 0 0 |a Historiografía   |z Chile  |9 257871 
852 |a BIBCUR 
942 |c BK  |2 ddc 
945 |a rbrito  |d 20100422 00:00:00 
952 |0 0  |1 0  |2 ddc  |4 0  |6 983_072200000000000_CAC_2008  |7 0  |8 A  |9 507297  |a BIBHIS  |b BIBHIS  |d 2020-01-23  |i 466437K  |l 1  |m 14  |o 983.0722 CAC 2008  |p 466437K  |q 2025-07-11  |r 2023-01-25  |s 2021-12-27  |t 1  |w 2020-01-23  |y BK  |k HIS 
952 |0 0  |1 0  |2 ddc  |4 0  |6 983_072200000000000_CAC_2008  |7 0  |8 A  |9 507298  |a BIBHIS  |b BIBHIS  |d 2020-01-23  |i 4664388  |o 983.0722 CAC 2008  |p 4664388  |r 2025-01-20  |t 2  |w 2020-01-23  |y BK  |k HIS 
952 |0 0  |1 0  |2 ddc  |4 0  |6 983_072200000000000_CAC_2008  |7 0  |8 A  |9 507299  |a BIBHIS  |b BIBHIS  |d 2020-01-23  |i 4664396  |o 983.0722 CAC 2008  |p 4664396  |r 2023-01-25  |t 3  |w 2020-01-23  |y BK  |k HIS 
952 |0 0  |1 0  |2 ddc  |4 0  |6 983_072200000000000_CAC_2008  |7 0  |8 A  |9 507300  |a BIBHIS  |b BIBHIS  |d 2020-01-23  |i 466440K  |o 983.0722 CAC 2008  |p 466440K  |r 2025-01-20  |t 4  |w 2020-01-23  |y BK  |k HIS 
952 |0 0  |1 0  |2 ddc  |3 erb  |4 0  |6 983_072200000000000_CAC_2008  |7 0  |8 A  |9 507301  |a BIBHIS  |b BIBHIS  |i 5143993  |o 983.0722 CAC 2008  |p 5143993  |r 2023-01-25  |t 5  |w 2020-01-23  |y BK  |z Catalogado en:20150402  |k HIS 
952 |0 0  |1 0  |2 ddc  |3 erb  |4 0  |6 983_072200000000000_CAC_2008  |7 0  |8 A  |9 507302  |a BIBHIS  |b BIBHIS  |i 5144566  |o 983.0722 CAC 2008  |p 5144566  |r 2025-01-20  |t 6  |w 2020-01-23  |y BK  |z Catalogado en:20150402  |k HIS 
952 |0 0  |1 0  |2 ddc  |3 erb  |4 0  |6 983_072200000000000_CAC_2008  |7 0  |8 A  |9 507303  |a BIBHIS  |b BIBHIS  |i 5268311  |o 983.0722 CAC 2008  |p 5268311  |r 2023-01-25  |t 7  |w 2020-01-23  |y BK  |z Catalogado en:20160324  |k HIS 
952 |0 0  |1 0  |2 ddc  |3 erb  |4 0  |6 983_072200000000000_CAC_2008  |7 0  |8 A  |9 507304  |a FDOHBE  |b FDOHBE  |e Huesbe Llanos, Marco Antonio  |i 5330297  |o 983.0722 CAC 2008  |p 5330297  |r 2024-01-30  |t 8  |w 2020-01-23  |y BK  |z Catalogado en:20160708  |k HBE 
952 |0 0  |1 0  |2 ddc  |4 0  |6 983_072200000000000_CAC_2008  |7 0  |8 A  |9 578011  |a BIBHIS  |b BIBHIS  |d 2021-06-04  |i 5621941  |o 983.0722 CAC 2008  |p 5621941  |r 2025-01-20  |t 9  |w 2021-06-04  |y BK  |k HIS